Responses for Show #8158 - Wednesday, February 12, 2020

Contestants

[<< previous game]

Jamie Wylie, a writer and content producer from North Hollywood, California

Josh Gruenberg, a software engineer from Rochester, New York

Danyelle Long-Hyland, a scientist from Ranson, West Virginia (whose 1-day cash winnings total $13,412)

[next game >>]

Jeopardy! Round responses

MY JOB IN THE MOVIE
SNAKES!
POLITICAL MEMOIRS & BIOGRAPHIES
A MENU OF RESTAURANTS
FROM THE LATIN
DAYTONA 500 GRAND MARSHALS
(Alex: The big race is this Sunday.)
    $200 6
a boxer

Josh
    $200 26
python

Danyelle
    $200 11
Chris Christie

Jamie
    $200 1
a diner

Josh
    $200 21
interrupt

Jamie
    $200 16
Lightning McQueen

Danyelle
    $400 7
a reporter

Jamie
    $400 27
king cobra

Jamie
    $400 12
(Josh: What is A Feminist?)

a Suffragette

Josh
Triple Stumper
    $400 2
(Josh: What is Chophouse?)

Steakhouse

Josh
Triple Stumper
    $400 22
omnipotent

Jamie
    $400 17
Clarence Thomas

Josh
    $600 8
FBI agent

Jamie
    $600 28
ribs

Danyelle
    $600 13
Nancy Reagan

Josh
    $600 3
a pop-up

Jamie
    $600 23
abdicate

Jamie
    $600 18
J.J. Watt

Josh
    $800 9
a doctor

Jamie
    $800 29
a garden snake (garter snake)

Jamie
    $800 14
Toronto

Josh
    $800 4
a smorgasbord

Jamie
    $800 24
data

Josh
    $800 19
George Wallace

Triple Stumper
    $1000 10
a janitor

Josh
    $500 30
(Jamie: Oh, geez. What is a boa constrictor?)

the anaconda

Jamie
    $1000 15
(Mitch) McConnell

Josh
    $1000 5
(Danyelle: What are bistros?)

a gastropub

DanyelleJosh
    $1000 25
(Danyelle: What is autopsy?)

postmortem

DanyelleJamie
    $1000 20
Nicolas Cage

Jamie

Scores at the first commercial break (after clue 15):

Danyelle Josh Jamie
-$1,000 $4,000 $3,400

Scores at the end of the Jeopardy! Round:

Danyelle Josh Jamie
-$1,000 $5,800 $7,300

Double Jeopardy! Round responses

WATER UNDER THE BRIDGE
RAPPER'S DELIGHT
REDUNDANT PHRASES THAT ARE ALSO REPETITIVE TOO
21st CENTURY JAPAN
WALKING
A FINE LINE
    $400 9
(Josh: What is the Missouri?)

the Mississippi

Josh
Triple Stumper
    $400 8
his wedding day

Jamie
    $400 1
[Laughter]

free gift

Triple Stumper
    $400 25
the FIFA World Cup

Triple Stumper
    $400 12
Maryland

Josh
    $400 19
a comb

Josh
    $800 10
the Hudson

Jamie
    $800 6
a book club

Josh
    $800 2
ATM machine

Danyelle
    $800 16
Venus

Triple Stumper
    $800 22
"I Walk The Line"

Josh
    $800 18
(Jamie: What is a graveyard?)
[Jamie's response was accepted as correct and the decision was reversed when the last Daily Double was uncovered.]

grave

Jamie
Triple Stumper
    $1,200 11
(Jamie: [Exhales] What is the Nile?)

the Tiber

Jamie
    $1200 5
an Escalade

Danyelle
    $1200 3
(Alex: Yes. Sahara equals desert.)

the Sahara Desert

Danyelle
    $1200 15
Nagasaki

Josh
    $3,000 23
(Josh: [Shakes head] What is cross the Red Sea?)

walk around the Earth

Josh
    $1200 20
Aesop

Jamie
    $1600 26
Narragansett Bay

Triple Stumper
    $1600 7
a utopia

Danyelle
    $1600 4
a rice paddy

Josh
    $1600 14
Okinawa

Triple Stumper
    $1600 24
(Josh: What is an aneurysm?)
...
(Alex: Less than a minute now.)

a stroke

JoshJamie
    $1600 21
wind

Danyelle
    $2000 27
[The end-of-round signal sounds.]

the Tagus

Josh
    $2000 13
(Jamie: Who is Stephen King?)

S.E. Hinton

Jamie
Triple Stumper
    $2000 17
Iraq

Triple Stumper

Scores at the end of the Double Jeopardy! Round:

Danyelle Josh Jamie
$5,400 $8,000 $7,300

[wagering suggestions for these scores]

Final Jeopardy! Round responses

20th CENTURY EUROPEAN LEADERS
DanyelleWho is Churchhill?
$3,600
JamieWho is Churchill?
$700
JoshWho was Chamberlain?
$6,601
Neville Chamberlain

Final scores:

Danyelle Josh Jamie
$1,800 $14,601 $6,600
3rd place: $1,000 New champion: $14,601 2nd place: $2,000

Game dynamics:

Coryat scores:

Danyelle Josh Jamie
$5,400 $11,000 $9,000
8 R,
2 W
17 R,
5 W
(including 1 DD)
17 R,
4 W
(including 2 DDs)

Combined Coryat: $25,400

[game clues] [game scores] [suggest correction]

Game tape date: 2019-12-03
The J! Archive is created by fans, for fans. Scraping, republication, monetization, and malicious use prohibited; this site may use cookies and collect identifying information. See terms. The Jeopardy! game show and all elements thereof, including but not limited to copyright and trademark thereto, are the property of Jeopardy Productions, Inc. and are protected under law. This website is not affiliated with, sponsored by, or operated by Jeopardy Productions, Inc. Join the discussion at JBoard.tv.